[Event "Turkey Cup 2019"]
[Site "Belek"]
[Date "2019.02.02"]
[Round "10.38"]
[White "Gonullu, Muhammed Sinan"]
[Black "Cilek, Bora"]
[Result "1/2-1/2"]
[WhiteElo "1815"]
[BlackElo "1907"]
[Annotator "NA RC"]
[PlyCount "72"]
[EventDate "2019.01.27"]
[EventType "swiss"]
[EventCountry "TUR"]
[SourceTitle "playchess.com"]
[Source "ChessBase"]
[SourceQuality "1"]

1. d4 d5 2. Nf3 Nf6 3. Bg5 h6 4. Bxf6 exf6 5. e3 c6 6. c4 Be6 7. cxd5 cxd5 8. Nc3 Qb6 9. Qb3 Qxb3 10. axb3 Nc6 11. g3 Be7 12. Bg2 O-O 13. O-O Nb4 14. Rfd1 a6 15. Ne1 Rfd8 16. Nd3 Nxd3 17. Rxd3 Bf5 18. Rd2 Bb4 19. Rc1 Rac8 20. Rdd1 Be6 21. Na2 Be7 22. Rxc8 Rxc8 23. Rc1 Rc6 24. Nc3 Bb4 25. Kf1 Kf8 26. Ke2 f5 27. Kd1 Rd6 28. Na2 Ba5 29. Nc3 b5 30. Ra1 Bd8 31. Bf1 g5 32. Na2 f4 33. Nb4 fxe3 34. fxe3 Bc8 35. Rc1 Bb7 36. Nd3 Kg7 1/2-1/2

[Event "Turkey Cup 2019"]
[Site "Belek"]
[Date "2019.02.02"]
[Round "10.39"]
[White "Demirbas, Emre"]
[Black "Hatipli, Mehmet"]
[Result "1-0"]
[WhiteElo "1823"]
[BlackElo "1888"]
[Annotator "NA RC"]
[PlyCount "91"]
[EventDate "2019.01.27"]
[EventType "swiss"]
[EventCountry "TUR"]
[SourceTitle "playchess.com"]
[Source "ChessBase"]
[SourceQuality "1"]

1. Nf3 d5 2. c4 c6 3. b3 Nf6 4. Bb2 Bf5 5. g3 e6 6. Bg2 h6 7. O-O Nbd7 8. d4 Be7 9. Nc3 O-O 10. Nd2 Qb6 11. e4 dxe4 12. Ndxe4 Nxe4 13. Nxe4 Rfd8 14. Qe2 a5 15. g4 Bxe4 16. Bxe4 Bf6 17. Rad1 a4 18. f4 Nf8 19. Qf2 g6 20. h4 axb3 21. a3 Bg7 22. f5 exf5 23. gxf5 gxf5 24. Qxf5 Qc7 25. Rd2 Rd6 26. Rg2 Rg6 27. Rff2 Re8 28. h5 Rg3 29. d5 Rg5 30. Bxg7 Rxf5 31. Rxf5 Ng6 32. hxg6 fxg6 33. Rxg6 Kh7 34. d6 Qb6+ 35. c5 Qa5 36. Be5 Qe1+ 37. Rf1 Qe3+ 38. Kh2 Qe2+ 39. Rg2+ Qxe4 40. Rg7+ Kh8 41. Re7+ Kg8 42. Rxe8+ Kh7 43. Re7+ Kg6 44. Rf6+ Kh5 45. Rxh6+ Kg4 46. Rh4+ 1-0

[Event "Turkey Cup 2019"]
[Site "Belek"]
[Date "2019.02.02"]
[Round "10.40"]
[White "Yuksel, Davut Can"]
[Black "Eldemir, Goksu"]
[Result "1/2-1/2"]
[WhiteElo "1836"]
[BlackElo "1876"]
[Annotator "NA RC"]
[PlyCount "44"]
[EventDate "2019.01.27"]
[EventType "swiss"]
[EventCountry "TUR"]
[SourceTitle "playchess.com"]
[Source "ChessBase"]
[SourceQuality "1"]

1. d4 Nf6 2. c4 e6 3. Nf3 b6 4. g3 Bb7 5. Bg2 Be7 6. O-O O-O 7. Nc3 Ne4 8. Nxe4 Bxe4 9. Ne1 Bxg2 10. Nxg2 d5 11. Qa4 Qd7 12. Qxd7 Nxd7 13. cxd5 exd5 14. Ne3 c6 15. Bd2 Bf6 16. Bc3 Rfd8 17. Rfd1 Nf8 18. Rac1 Rac8 19. Ng4 Be7 20. Ne5 f6 21. Nd3 Ne6 22. e3 a6 1/2-1/2

[Event "Turkey Cup 2019"]
[Site "Belek"]
[Date "2019.02.02"]
[Round "10.41"]
[White "Aslanhan, Halis"]
[Black "Sade, Defne"]
[Result "1/2-1/2"]
[WhiteElo "1779"]
[BlackElo "1952"]
[Annotator "NA"]
[PlyCount "104"]
[EventDate "2019.01.27"]
[EventType "swiss"]
[EventCountry "TUR"]
[SourceTitle "playchess.com"]
[Source "ChessBase"]
[SourceQuality "1"]

1. e4 e5 2. Nf3 Nc6 3. d4 exd4 4. Nxd4 Bb4+ 5. c3 Bc5 6. Nxc6 bxc6 7. Bc4 d6 8. O-O Nf6 9. Bg5 h6 10. Bxf6 Qxf6 11. Nd2 O-O 12. Nb3 Bb6 13. Bd3 Qg5 14. Kh1 f5 15. exf5 Bxf5 16. Bxf5 Rxf5 17. Qe2 Raf8 18. f3 Qh4 19. g3 Qf6 20. f4 g5 21. Nd2 gxf4 22. gxf4 Kh7 23. Ne4 Qg6 24. Qd2 Rh5 25. Qg2 Qxg2+ 26. Kxg2 Rhf5 27. Rae1 Rxf4 28. Rxf4 Rxf4 29. Re2 Kg6 30. Nd2 h5 31. h3 d5 32. Nf3 c5 33. Re5 d4 34. c4 c6 35. b3 h4 36. Re6+ Kf5 37. Re5+ Kf6 38. Re8 Kf7 39. Re2 Ba5 40. Ne5+ Kg7 41. Nd3 Rf5 42. Re5 Rxe5 43. Nxe5 Kf6 44. Nd3 Bb6 45. Kf3 Kf5 46. Nf2 Bc7 47. Nd3 Bd6 48. Nf2 Bf8 49. Nd3 Be7 50. Nf2 Bd6 51. Nd3 Be7 52. Nf2 Ke5 1/2-1/2

[Event "Turkey Cup 2019"]
[Site "Belek"]
[Date "2019.02.02"]
[Round "10.43"]
[White "Uysal, Ilyas"]
[Black "Sakalli, Mustafa"]
[Result "1-0"]
[WhiteElo "1718"]
[BlackElo "1955"]
[Annotator "NA RC"]
[PlyCount "46"]
[EventDate "2019.01.27"]
[EventType "swiss"]
[EventCountry "TUR"]
[SourceTitle "playchess.com"]
[Source "ChessBase"]
[SourceQuality "1"]

1. e4 c5 2. Nf3 e6 3. c4 Nc6 4. Nc3 Qc7 5. d4 cxd4 6. Nxd4 a6 7. Be3 Nf6 8. a3 h5 9. h3 g6 10. Be2 Bg7 11. O-O O-O 12. Rc1 Qb8 13. f4 d6 14. Qd2 Bd7 15. Nf3 b5 16. e5 Ne8 17. exd6 bxc4 18. Rcd1 Qb3 19. Rc1 Rb8 20. Rc2 Rb7 21. Ne4 Rb8 22. Nc3 Bxc3 23. bxc3 Nxd6 1-0

[Event "Turkey Cup 2019"]
[Site "Belek"]
[Date "2019.02.02"]
[Round "10.44"]
[White "Baltaci, Ismail Tarik"]
[Black "Turan, Seyithan"]
[Result "1-0"]
[WhiteElo "2014"]
[BlackElo "1746"]
[Annotator "NA RC"]
[PlyCount "129"]
[EventDate "2019.01.27"]
[EventType "swiss"]
[EventCountry "TUR"]
[SourceTitle "playchess.com"]
[Source "ChessBase"]
[SourceQuality "1"]

1. e4 e5 2. Nf3 Nc6 3. Bc4 Nf6 4. d3 Be7 5. c3 O-O 6. O-O d6 7. h3 Na5 8. Bb5 Bd7 9. Bxd7 Qxd7 10. Re1 Rad8 11. Nbd2 Rfe8 12. Nf1 Nh5 13. d4 exd4 14. cxd4 g6 15. Bd2 Nc6 16. Qb3 Bf6 17. Bc3 b6 18. Rad1 d5 19. e5 Bg7 20. Bd2 Bh8 21. Rc1 Ng7 22. Qc2 Re6 23. Ne3 Rc8 24. Qa4 Rd8 25. Ng5 Nxe5 26. Qxd7 Nxd7 27. Nxe6 Nxe6 28. Nxd5 Bxd4 29. Nxc7 Ndc5 30. Nxe6 Nxe6 31. Bc3 Bxc3 32. Rxc3 Rd2 33. Rb1 Kg7 34. Ra3 Rd7 35. Rc1 Nd4 36. Kf1 Ne6 37. g3 Rd2 38. b3 Ng5 39. Rxa7 Nxh3 40. f4 Kf6 41. Rc6+ Kf5 42. Ke1 Rh2 43. Rxf7+ Kg4 44. Rxh7 Rh1+ 45. Kd2 Rh2+ 46. Ke3 g5 47. Rch6 Rxa2 48. Rxh3 Rb2 49. fxg5 Rxb3+ 50. Kd4 Kxg5 51. R3h5+ Kg6 52. R7h6+ Kg7 53. Rh3 b5 54. Rb6 Rb1 55. Kc5 Rc1+ 56. Kxb5 Rb1+ 57. Kc5 Rc1+ 58. Kd5 Rd1+ 59. Ke5 Re1+ 60. Kf5 Rc1 61. Rb7+ Kg8 62. Rhh7 Rc5+ 63. Kg4 Rc4+ 64. Kh3 Rc3 65. Rhc7 1-0

[Event "Turkey Cup 2019"]
[Site "Belek"]
[Date "2019.02.02"]
[Round "10.45"]
[White "Ozcan, Kadir Kutay"]
[Black "Gallevci, Yagiz"]
[Result "0-1"]
[WhiteElo "1794"]
[BlackElo "2034"]
[Annotator "NA RC"]
[PlyCount "106"]
[EventDate "2019.01.27"]
[EventType "swiss"]
[EventCountry "TUR"]
[SourceTitle "playchess.com"]
[Source "ChessBase"]
[SourceQuality "1"]

1. e4 c6 2. d4 d5 3. Nc3 dxe4 4. Nxe4 Bf5 5. Ng3 Bg6 6. Nf3 Nd7 7. h4 h6 8. h5 Bh7 9. Bd3 Bxd3 10. Qxd3 e6 11. Bd2 Ngf6 12. O-O-O Be7 13. Ne2 O-O 14. Rdg1 Ng4 15. Rf1 c5 16. Nh2 Nxh2 17. Rxh2 cxd4 18. Qxd4 Bf6 19. Qd3 Qc7 20. Qg3 Be5 21. f4 Rac8 22. c3 Bd6 23. Qf3 Nb6 24. Kb1 Nc4 25. Bc1 b5 26. g4 e5 27. g5 hxg5 28. h6 g6 29. h7+ Kh8 30. fxg5 f5 31. Rh6 Qf7 32. b3 Nb6 33. Bb2 Rfe8 34. Ng3 Bf8 35. Rh2 Qd5 36. Qe2 Bg7 37. Rd1 Qc6 38. Qd2 Qf3 39. Ne2 Re7 40. Qd8+ Bf8 41. Qxc8 Nxc8 42. Rd8 Rxh7 43. Rxf8+ Kg7 44. Rxh7+ Kxf8 45. Nc1 Qe4+ 46. Ka1 Nb6 47. Ba3+ Ke8 48. Re7+ Kd8 49. Rxa7 Nd5 50. Bb2 Ne3 51. a4 Qc2 52. axb5 Nd1 53. Ba3 Nxc3 0-1

[Event "Turkey Cup 2019"]
[Site "Belek"]
[Date "2019.02.02"]
[Round "10.46"]
[White "Ozcan, Berk"]
[Black "Albayrak, Kerem"]
[Result "0-1"]
[WhiteElo "1709"]
[BlackElo "1949"]
[Annotator "NA RC"]
[PlyCount "72"]
[EventDate "2019.01.27"]
[EventType "swiss"]
[EventCountry "TUR"]
[SourceTitle "playchess.com"]
[Source "ChessBase"]
[SourceQuality "1"]

1. e4 c5 2. Nf3 d6 3. d4 cxd4 4. Nxd4 Nf6 5. Nc3 a6 6. Bg5 e6 7. f4 Qb6 8. a3 Be7 9. Nb3 Nbd7 10. Qd2 Qc7 11. O-O-O b6 12. Qd4 Bb7 13. Be2 Rc8 14. Kb1 h6 15. Bxf6 Bxf6 16. Qxd6 Bxc3 17. bxc3 Qxd6 18. Rxd6 Rxc3 19. Rhd1 Rc7 20. R6d4 Ke7 21. R1d2 Rhc8 22. Bf3 e5 23. Rxd7+ Rxd7 24. Rxd7+ Kxd7 25. Bg4+ Kd6 26. Bxc8 Bxc8 27. f5 Kc6 28. c3 Kd6 29. Kc2 Bb7 30. Nd2 Kc5 31. Kb3 Bc6 32. g3 Bb5 33. Nf3 Bd3 34. Nxe5 Bxe4 35. f6 gxf6 36. Nxf7 Bd5+ 0-1

[Event "Turkey Cup 2019"]
[Site "Belek"]
[Date "2019.02.02"]
[Round "10.47"]
[White "Gazioglu, Halit"]
[Black "Sar, Can"]
[Result "1/2-1/2"]
[WhiteElo "1909"]
[BlackElo "1812"]
[Annotator "NA RC"]
[PlyCount "94"]
[EventDate "2019.01.27"]
[EventType "swiss"]
[EventCountry "TUR"]
[SourceTitle "playchess.com"]
[Source "ChessBase"]
[SourceQuality "1"]

1. d4 Nf6 2. c4 e6 3. Nc3 d5 4. Nf3 a6 5. cxd5 exd5 6. g3 c5 7. Bg2 Be7 8. O-O O-O 9. Be3 cxd4 10. Nxd4 Nc6 11. Rc1 Be6 12. Nxc6 bxc6 13. Na4 Rc8 14. Bb6 Qe8 15. Bc5 Nd7 16. b4 Bg4 17. Re1 Qd8 18. Qd4 Be6 19. Bxe7 Qxe7 20. Nc5 Nxc5 21. Rxc5 Qb7 22. a3 h6 23. Rec1 Rfe8 24. e3 Bf5 25. Qc3 Bd7 26. Qc2 Rcd8 27. Qd3 Qb6 28. Bf1 Ra8 29. Ra5 Bc8 30. Qc2 Bb7 31. Qf5 Rxe3 32. Qd7 Re6 33. Bh3 Rf6 34. Rac5 Rd8 35. Qe7 Rf8 36. R1c3 Bc8 37. Bxc8 Rxc8 38. Re3 Rd8 39. Kg2 d4 40. Rd3 Re6 41. Qh4 Red6 42. Qe4 Qb7 43. Re5 Rd5 44. Re7 R5d7 45. Re5 Rd5 46. Re7 R5d7 47. Re5 Rd5 1/2-1/2

[Event "Turkey Cup 2019"]
[Site "Belek"]
[Date "2019.02.02"]
[Round "10.48"]
[White "Hatirli, Ugur Can"]
[Black "Aysoy, Veysi"]
[Result "0-1"]
[WhiteElo "1713"]
[BlackElo "1933"]
[Annotator "NA"]
[PlyCount "98"]
[EventDate "2019.01.27"]
[EventType "swiss"]
[EventCountry "TUR"]
[SourceTitle "playchess.com"]
[Source "ChessBase"]
[SourceQuality "1"]

1. d4 Nf6 2. Nf3 d5 3. e3 e6 4. Bd3 Nbd7 5. O-O Bd6 6. b3 e5 7. dxe5 Nxe5 8. Bb2 Nxd3 9. Qxd3 O-O 10. Nbd2 Be6 11. Rfd1 Qe7 12. Nd4 Qd7 13. N2f3 Bg4 14. h3 Bh5 15. Qf5 Qe8 16. Qg5 h6 17. Qh4 Bg6 18. Ne2 Be7 19. Qd4 Bxc2 20. Rdc1 c5 21. Qe5 Be4 22. Nd2 b6 23. Nxe4 dxe4 24. Ng3 Bd8 25. Qc3 Qe6 26. Ne2 Bc7 27. b4 Rac8 28. bxc5 bxc5 29. Rd1 Rfe8 30. Rac1 Qb6 31. Ba1 Be5 32. Qxe5 Rxe5 33. Bxe5 Rd8 34. Re1 Nd5 35. Rc4 Qe6 36. Bb2 Nb4 37. Rxc5 Nd3 38. Rd1 Rb8 39. Nd4 Qe7 40. Ba3 Nxc5 41. Nc6 Qe8 42. Nxb8 Nd3 43. Bd6 Qa4 44. Rd2 Qa5 45. Re2 Qb5 46. Kh2 Kh7 47. Rd2 Qb1 48. Bc7 Qc1 49. Ba5 Qc8 0-1

[Event "Turkey Cup 2019"]
[Site "Belek"]
[Date "2019.02.02"]
[Round "10.50"]
[White "Celik, Cem Akin"]
[Black "Atas, Yunus"]
[Result "0-1"]
[WhiteElo "1637"]
[BlackElo "1872"]
[Annotator "NA RC"]
[PlyCount "124"]
[EventDate "2019.01.27"]
[EventType "swiss"]
[EventCountry "TUR"]
[SourceTitle "playchess.com"]
[Source "ChessBase"]
[SourceQuality "1"]

1. e4 d5 2. exd5 Qxd5 3. Nc3 Qd6 4. d4 Nf6 5. Nf3 Bg4 6. h3 Bh5 7. Nb5 Qd8 8. Bf4 Na6 9. Qe2 e6 10. Qe5 c6 11. Nc3 Nb4 12. O-O-O Nbd5 13. Nxd5 Qxd5 14. Qxd5 Nxd5 15. Bd2 Bxf3 16. gxf3 O-O-O 17. c4 Ne7 18. Bc3 Nf5 19. h4 Be7 20. h5 Bg5+ 21. Kc2 Bf6 22. d5 Bxc3 23. Kxc3 cxd5 24. cxd5 Ne7 25. Bc4 exd5 26. Bf1 Nc6 27. Bh3+ Kc7 28. f4 Rhe8 29. Bf5 Re2 30. Rd2 Rxd2 31. Kxd2 g6 32. Bb1 Rd6 33. f5 gxh5 34. Rxh5 h6 35. f4 Kb6 36. Kd3 Kc5 37. a3 a5 38. Ba2 Rf6 39. Bb1 a4 40. Ke3 Na5 41. Rh2 Nc4+ 42. Kf3 Rb6 43. f6 Rxf6 44. Bh7 Rb6 45. Bg8 f5 46. Rh5 Rb3+ 47. Kf2 Rxb2+ 48. Ke1 Ne3 49. Be6 Ng2+ 50. Kd1 Nxf4 51. Rxh6 Rb6 52. Rf6 Nxe6 53. Rxf5 Nd4 54. Rf4 Rb2 55. Rf7 Kc4 56. Kc1 Kc3 57. Rc7+ Nc6 58. Rh7 d4 59. Rh5 b6 60. Rh6 Ne5 61. Rh3+ d3 62. Re3 Re2 0-1

[Event "Turkey Cup 2019"]
[Site "Belek"]
[Date "2019.02.02"]
[Round "10.51"]
[White "Karakurt, Fahri"]
[Black "Basaran, Alp"]
[Result "0-1"]
[WhiteElo "1914"]
[BlackElo "1723"]
[Annotator "NA RC"]
[PlyCount "82"]
[EventDate "2019.01.27"]
[EventType "swiss"]
[EventCountry "TUR"]
[SourceTitle "playchess.com"]
[Source "ChessBase"]
[SourceQuality "1"]

1. e4 c5 2. Nc3 d6 3. f4 g6 4. Nf3 Bg7 5. Bc4 Nc6 6. O-O Nf6 7. d3 O-O 8. Qe1 Bg4 9. Qh4 Bxf3 10. Rxf3 Nd4 11. Rf2 e6 12. f5 d5 13. fxg6 fxg6 14. exd5 exd5 15. Nxd5 Nxd5 16. Bg5 Qd7 17. Qe4 Rxf2 18. Bxd5+ Rf7 19. Rf1 Raf8 20. Be7 Nf5 21. Bxf8 Kxf8 22. Bxf7 Bd4+ 23. Kh1 Qxf7 24. Rf3 Qxa2 25. g4 Qb1+ 26. Kg2 Qxc2+ 27. Kh3 Bg1 28. gxf5 Qxh2+ 29. Kg4 Qh5+ 30. Kf4 g5+ 31. Ke5 Qe8+ 32. Kf6 Qd8+ 33. Ke6 Bh2 34. f6 Qe8+ 35. Kd5 Qc6+ 36. Kc4 b5+ 37. Kc3 Qxe4 38. dxe4 g4 39. Rf5 h6 40. e5 g3 41. e6 g2 0-1

[Event "Turkey Cup 2019"]
[Site "Belek"]
[Date "2019.02.02"]
[Round "10.52"]
[White "Cakmak, Sarven"]
[Black "Canbulan, Arda"]
[Result "1-0"]
[WhiteElo "1780"]
[BlackElo "1884"]
[Annotator "NA RC"]
[PlyCount "117"]
[EventDate "2019.01.27"]
[EventType "swiss"]
[EventCountry "TUR"]
[SourceTitle "playchess.com"]
[Source "ChessBase"]
[SourceQuality "1"]

1. e4 e5 2. Nf3 Nc6 3. d4 exd4 4. Nxd4 Bc5 5. Nxc6 bxc6 6. Bc4 Ne7 7. Bxf7+ Kxf7 8. Qh5+ Ng6 9. Qxc5 Re8 10. O-O Re5 11. Qc4+ d5 12. exd5 cxd5 13. Qc3 Qe7 14. Be3 Ba6 15. Rd1 Re8 16. Na3 Be2 17. Re1 Bf3 18. gxf3 Nh4 19. Bd2 Qf6 20. f4 Qg6+ 21. Qg3 Nf3+ 22. Kh1 Rxe1+ 23. Bxe1 Nxe1 24. Qxg6+ Kxg6 25. Nb5 Nxc2 26. Rg1+ Kf6 27. Nxc7 Rd8 28. Rxg7 Kxg7 29. Ne6+ Kf6 30. Nxd8 d4 31. Kg2 Kf5 32. Kf3 Nb4 33. a3 Nd3 34. Nc6 Ne1+ 35. Ke2 Ng2 36. Nxd4+ Kxf4 37. Nc6 a6 38. Nb4 a5 39. Nc6 a4 40. Nd4 Ke4 41. Nb5 Nf4+ 42. Kd2 Kf3 43. Nc3 h5 44. Nxa4 h4 45. b4 Kg2 46. b5 Ne6 47. b6 Nd8 48. Nc5 Kxh2 49. Ne4 Kg2 50. f4 h3 51. Ke3 h2 52. Nf2 Nb7 53. f5 Nd6 54. f6 Nc4+ 55. Ke2 Nxb6 56. f7 Nd7 57. a4 Kg3 58. a5 Ne5 59. f8=Q 1-0

[Event "Turkey Cup 2019"]
[Site "Belek"]
[Date "2019.02.02"]
[Round "10.53"]
[White "Akbas, Umut Ata"]
[Black "Elalmis, Husamettin"]
[Result "1-0"]
[WhiteElo "1939"]
[BlackElo "1754"]
[Annotator "NA RC"]
[PlyCount "43"]
[EventDate "2019.01.27"]
[EventType "swiss"]
[EventCountry "TUR"]
[SourceTitle "playchess.com"]
[Source "ChessBase"]
[SourceQuality "1"]

1. e4 c5 2. Nf3 d6 3. d4 cxd4 4. Nxd4 Nf6 5. Nc3 g6 6. Bc4 Bg7 7. Bb3 O-O 8. O-O Nc6 9. h3 Bd7 10. Be3 Na5 11. f4 Nxb3 12. axb3 a6 13. Qd2 Qc7 14. f5 Rfe8 15. Rf2 b5 16. Bh6 Bh8 17. fxg6 hxg6 18. Raf1 Qb7 19. Qf4 Bc6 20. Nxc6 Qxc6 21. Nd5 Ra7 22. g4 1-0

[Event "Turkey Cup 2019"]
[Site "Belek"]
[Date "2019.02.02"]
[Round "10.54"]
[White "Eren, Alper"]
[Black "Vursan, Emre Can"]
[Result "0-1"]
[WhiteElo "1919"]
[BlackElo "1678"]
[Annotator "NA RC"]
[PlyCount "106"]
[EventDate "2019.01.27"]
[EventType "swiss"]
[EventCountry "TUR"]
[SourceTitle "playchess.com"]
[Source "ChessBase"]
[SourceQuality "1"]

1. e4 c5 2. Nf3 Nc6 3. d4 cxd4 4. Nxd4 e5 5. Nb5 a6 6. N5c3 d6 7. Nd5 Be6 8. Nbc3 Nge7 9. Be3 Bxd5 10. exd5 Nb8 11. g4 Ng6 12. Qd2 Be7 13. O-O-O Qa5 14. Kb1 Nd7 15. Bd3 Nc5 16. Bf5 Nh4 17. Bxc5 Qxc5 18. Be4 Bd8 19. Qd3 Ba5 20. Ne2 Ng6 21. f4 Nxf4 22. Nxf4 exf4 23. c3 Qb5 24. c4 Qc5 25. Bxh7 g6 26. Bxg6 fxg6 27. Qxg6+ Kd8 28. Qf7 Kc8 29. h4 Kb8 30. g5 Ka7 31. g6 Rhf8 32. Qd7 Rad8 33. Qg4 Qc8 34. Qxc8 Rxc8 35. h5 Rf6 36. Rdg1 Bb6 37. Rg4 Rg8 38. h6 Rfxg6 39. Rxg6 Rxg6 40. h7 Bd4 41. h8=Q Bxh8 42. Rxh8 Rg2 43. Rf8 Rf2 44. b4 Kb6 45. Rf6 Kc7 46. c5 f3 47. Rxd6 Re2 48. Rf6 f2 49. Rf7+ Kd8 50. c6 bxc6 51. dxc6 Re1+ 52. Kc2 f1=Q 53. Rd7+ Kc8 0-1

[Event "Turkey Cup 2019"]
[Site "Belek"]
[Date "2019.02.02"]
[Round "10.55"]
[White "Kurt, Emre"]
[Black "Iyiol, Mehmet"]
[Result "1/2-1/2"]
[WhiteElo "1677"]
[BlackElo "1892"]
[Annotator "NA RC"]
[PlyCount "141"]
[EventDate "2019.01.27"]
[EventType "swiss"]
[EventCountry "TUR"]
[SourceTitle "playchess.com"]
[Source "ChessBase"]
[SourceQuality "1"]

1. d4 d5 2. c4 e6 3. Nc3 Nf6 4. Bg5 Nbd7 5. e3 c6 6. Nf3 Bb4 7. Qb3 Qa5 8. a3 Bxc3+ 9. Qxc3 Qxc3+ 10. bxc3 Ne4 11. cxd5 Nxg5 12. Nxg5 exd5 13. c4 h6 14. Nf3 dxc4 15. Bxc4 O-O 16. O-O Re8 17. Rfc1 Nb6 18. Bb3 Be6 19. Bxe6 Rxe6 20. Rab1 Re7 21. Ne5 Rd8 22. h3 Rd5 23. Nc4 Nxc4 24. Rxc4 Ra5 25. a4 Kf8 26. Rcb4 b6 27. Kf1 Ke8 28. Ke2 c5 29. dxc5 Rxc5 30. R1b2 Kd7 31. Rd4+ Kc7 32. Kd3 Kc6 33. Rc2 Ree5 34. Rcc4 a6 35. Rd8 Rxc4 36. Rc8+ Kb7 37. Rxc4 b5 38. axb5 axb5 39. Rg4 Rg5 40. Rf4 f6 41. g4 Kc6 42. Kc3 Rc5+ 43. Kb3 Rc1 44. h4 Rg1 45. h5 Kb6 46. Re4 Ka5 47. f3 Rf1 48. Re7 Rxf3 49. Ra7+ Kb6 50. Rxg7 Rxe3+ 51. Kb4 Re4+ 52. Kb3 Kc5 53. Rg6 Re3+ 54. Kb2 Kc4 55. Rxf6 Re2+ 56. Kc1 Rg2 57. Rxh6 Rxg4 58. Rg6 Rh4 59. h6 b4 60. Rc6+ Kb3 61. Ra6 Rh1+ 62. Kd2 Kb2 63. Ke3 Rf1 64. h7 Rh1 65. Ra7 b3 66. Kf4 Kc3 67. Rc7+ Kd2 68. Rb7 Kc2 69. Kg5 b2 70. Rxb2+ Kxb2 71. Kg6 1/2-1/2

[Event "Turkey Cup 2019"]
[Site "Belek"]
[Date "2019.02.02"]
[Round "10.56"]
[White "Kilic, Cihan"]
[Black "Yanikoglu, Omer"]
[Result "0-1"]
[WhiteElo "1886"]
[BlackElo "1664"]
[Annotator "NA RC"]
[PlyCount "85"]
[EventDate "2019.01.27"]
[EventType "swiss"]
[EventCountry "TUR"]
[SourceTitle "playchess.com"]
[Source "ChessBase"]
[SourceQuality "1"]

1. d4 d5 2. c4 e6 3. Nc3 Nf6 4. Bg5 Be7 5. e3 Nbd7 6. cxd5 exd5 7. Bd3 c6 8. Qc2 h6 9. Bh4 O-O 10. Nge2 Re8 11. O-O-O a5 12. Rhg1 b5 13. g4 Ne4 14. Bxe7 Qxe7 15. Bxe4 dxe4 16. Kb1 a4 17. Rdf1 Ba6 18. f3 b4 19. Nxe4 b3 20. Qd2 a3 21. Rc1 bxa2+ 22. Ka1 axb2+ 23. Qxb2 Bd3 24. Qd2 Bxe4 25. fxe4 Qxe4 26. Rc3 Reb8 27. Qc2 Qd5 28. Qf5 Rb1+ 29. Rxb1 axb1=Q+ 30. Kxb1 Qa2+ 31. Kc1 Qxe2 32. Qc2 Qxc2+ 33. Rxc2 Rc8 34. Kd2 c5 35. Kd3 Kf8 36. Ke4 Nf6+ 37. Kf5 c4 38. e4 c3 39. h4 Ke7 40. d5 Rc4 41. d6+ Kd7 42. h5 Nd5 43. e5 0-1

[Event "Turkey Cup 2019"]
[Site "Belek"]
[Date "2019.02.02"]
[Round "10.57"]
[White "Benk, Tolga Tugay"]
[Black "Caglar, Mehmet Halil"]
[Result "1-0"]
[WhiteElo "1863"]
[BlackElo "1666"]
[Annotator "NA RC"]
[PlyCount "149"]
[EventDate "2019.01.27"]
[EventType "swiss"]
[EventCountry "TUR"]
[SourceTitle "playchess.com"]
[Source "ChessBase"]
[SourceQuality "1"]

1. e4 g6 2. Nc3 Bg7 3. h4 h5 4. Bc4 d6 5. d3 Nc6 6. a3 Ne5 7. Bb3 c5 8. Nge2 a6 9. d4 cxd4 10. Nxd4 Nf6 11. Bg5 O-O 12. Qd2 Kh7 13. f4 Nc6 14. Nxc6 bxc6 15. f5 gxf5 16. Bxf6 Bxf6 17. Qe2 Kg6 18. O-O-O f4 19. Qd2 Bg4 20. Qxf4 Qa5 21. Rd3 Bg7 22. Kb1 Qe5 23. Qf2 Bf6 24. g3 Rfb8 25. Rf1 Rb7 26. Nd1 Kg7 27. Qf4 Be2 28. Qxe5 dxe5 29. Rff3 Bxf3 30. Rxf3 Rd8 31. Ne3 e6 32. Ba4 c5 33. c3 Rd2 34. Nc4 Re2 35. Bd1 Re1 36. Rd3 Kg6 37. Kc2 Rc7 38. Bf3 Rg1 39. Kd2 Kh6 40. Be2 Rb7 41. Kc2 Rg2 42. Kd2 Be7 43. Ke1 f6 44. Kf1 Rh2 45. Rd2 f5 46. Kg1 Rxe2 47. Rxe2 f4 48. Nxe5 fxg3 49. Nf3 Bd6 50. e5 Bb8 51. Kg2 Rg7 52. Ng5 Rd7 53. Kxg3 Rd1 54. Nxe6 Kg6 55. Nxc5 Kf5 56. Rf2+ Kxe5 57. Nxa6 Bd6 58. Nb4 Ke4+ 59. Kg2 Bc5 60. Re2+ Kf4 61. Nc2 Rg1+ 62. Kh2 Rg4 63. Nd4 Rxh4+ 64. Kg2 Rg4+ 65. Kh3 Bd6 66. Rg2 Bb8 67. Nc6 Kf3 68. Nd4+ Kf4 69. Rxg4+ hxg4+ 70. Kg2 Ke3 71. a4 Kd3 72. a5 Kc4 73. a6 Kc5 74. b4+ Kc4 75. Nc6 1-0

[Event "Turkey Cup 2019"]
[Site "Belek"]
[Date "2019.02.02"]
[Round "10.58"]
[White "Uregen, Rafet"]
[Black "Aydin, Hakan Arda"]
[Result "0-1"]
[WhiteElo "1633"]
[BlackElo "1915"]
[Annotator "NA RC"]
[PlyCount "54"]
[EventDate "2019.01.27"]
[EventType "swiss"]
[EventCountry "TUR"]
[SourceTitle "playchess.com"]
[Source "ChessBase"]
[SourceQuality "1"]

1. e4 e5 2. Nf3 Nc6 3. Bb5 a6 4. Ba4 Nf6 5. O-O Be7 6. Re1 b5 7. Bb3 O-O 8. c3 d5 9. exd5 Nxd5 10. Nxe5 Nxe5 11. Rxe5 c6 12. d4 Bd6 13. Re1 Qh4 14. g3 Qh3 15. Re4 g5 16. Qf1 Qh5 17. Nd2 Bf5 18. Re1 Rae8 19. Bd1 Qg6 20. Nf3 Bd3 21. Be2 Rxe2 22. Rxe2 Qh5 23. Kg2 f5 24. Bxg5 Be4 25. Re3 Nxe3+ 26. fxe3 Qxg5 27. Re1 Qg4 0-1

[Event "Turkey Cup 2019"]
[Site "Belek"]
[Date "2019.02.02"]
[Round "10.59"]
[White "Caliskan, Seha"]
[Black "Tahaoglu, Erkin"]
[Result "1-0"]
[WhiteElo "1917"]
[BlackElo "1714"]
[Annotator "NA RC"]
[PlyCount "63"]
[EventDate "2019.01.27"]
[EventType "swiss"]
[EventCountry "TUR"]
[SourceTitle "playchess.com"]
[Source "ChessBase"]
[SourceQuality "1"]

1. d4 Nf6 2. Nf3 e6 3. Bg5 Be7 4. Nbd2 h6 5. Bh4 b6 6. e4 O-O 7. Bd3 Ba6 8. Bxa6 Nxa6 9. O-O c5 10. c3 d5 11. exd5 Nxd5 12. Bxe7 Qxe7 13. Qe2 Nac7 14. dxc5 Qxc5 15. Nb3 Qe7 16. Nbd4 Qf6 17. a4 Rfe8 18. Ne5 Qg5 19. g3 Qe7 20. Rfd1 f6 21. Nc4 a6 22. Nd2 Qf7 23. Ne4 Qg6 24. Qf3 f5 25. Nd6 Red8 26. Nc4 b5 27. Ne5 Qf6 28. Ndc6 Re8 29. b3 Kh8 30. Rac1 Ne7 31. Nd7 Qg5 32. Nce5 1-0

[Event "Turkey Cup 2019"]
[Site "Belek"]
[Date "2019.02.02"]
[Round "10.60"]
[White "Peker, Serdar"]
[Black "Araboga, Nizamettin"]
[Result "1-0"]
[WhiteElo "1830"]
[BlackElo "1670"]
[Annotator "NA RC"]
[PlyCount "113"]
[EventDate "2019.01.27"]
[EventType "swiss"]
[EventCountry "TUR"]
[SourceTitle "playchess.com"]
[Source "ChessBase"]
[SourceQuality "1"]

1. e4 c5 2. Nf3 d6 3. c3 Nf6 4. Be2 Nc6 5. d4 Bd7 6. e5 dxe5 7. d5 Nb8 8. Nxe5 g6 9. Qb3 Qb6 10. Nxd7 Nbxd7 11. Qd1 Bg7 12. Na3 Ne4 13. Qc2 f5 14. Nc4 Qc7 15. g3 b5 16. Bf4 Qd8 17. Nd2 Nxd2 18. Qxd2 Qb6 19. a4 b4 20. Bb5 bxc3 21. bxc3 Rd8 22. O-O O-O 23. Rae1 Bf6 24. Re6 Qa5 25. Ra6 Qxc3 26. Qxc3 Bxc3 27. Rxa7 Nb6 28. Bc7 Nxd5 29. Bxd8 Rxd8 30. Rd1 Bd4 31. Rd7 Rxd7 32. Bxd7 Kf7 33. a5 e5 34. a6 Ke7 35. a7 Nc7 36. Bc6 c4 37. a8=Q Nxa8 38. Bxa8 Kd6 39. Kf1 Kc5 40. Ke2 e4 41. h4 c3 42. Bb7 Bg7 43. Rc1 Kc4 44. Bc8 Kb3 45. Kd1 Bh6 46. Rc2 Kc4 47. Be6+ Kd3 48. Bg8 Bd2 49. Bxh7 e3 50. fxe3 Kxe3 51. Bxg6 Kf3 52. Rxd2 cxd2 53. h5 Kxg3 54. h6 f4 55. h7 f3 56. h8=Q f2 57. Qh1 1-0